| 000 | 00684nam a2200217 4500 | ||
|---|---|---|---|
| 001 | 139360 | ||
| 003 | ES-MaACL | ||
| 005 | 20230906195800.0 | ||
| 007 | t| | ||
| 008 | 070214s1968 sp r ||||1| spa d | ||
| 100 | 1 |
_aScully, J. C. _9104973 |
|
| 245 | 1 | 0 |
_aFundamentos de la corrosión / _cJ. C. Scully ; versión española de Sebastián Feliu. |
| 250 | _a1ª ed. | ||
| 260 |
_aMadrid [etc.] : _bAlhambra, _c1968. |
||
| 300 |
_aIX, 216 p. ; _c20 cm. |
||
| 490 | 1 |
_aEsegra. Sección XIII. Metalurgia ; _v1 |
|
| 700 | 1 |
_aFeliu, Sebastián. _949196 |
|
| 830 | 0 |
_aEsegra. Sección XIII. Metalurgia ; _v1 _9220218 |
|
| 852 |
_aES-MaACL _jG-3929 _bR.65346 |
||
| 999 |
_c139360 _d139360 |
||